[Event "Najdorf Memorial op-B"]
[Site "Grodzisk Mazowiecki"]
[Date "2007.07.28"]
[Round "9"]
[White "Choroszej, Aleksander"]
[Black "Makosa, Sylwia"]
[Result "1/2-1/2"]
[WhiteElo "1850"]
[BlackElo "1897"]
[PlyCount "49"]
[EventDate "2007.07.20"]
[EventType "swiss"]
[EventRounds "9"]
[EventCountry "POL"]
[SourceTitle "EXT 2008"]
[Source "ChessBase"]
[SourceDate "2007.11.25"]
[SourceVersion "1"]
[SourceVersionDate "2007.11.25"]
[SourceQuality "1"]

1. d4 Nf6 2. c4 g6 3. Nc3 d5 4. cxd5 Nxd5 5. e4 Nxc3 6. bxc3 Bg7 7. Be3 c5 8. Bc4 0-0 9. Ne2 Nc6 10. 0-0 Bg4 11. f3 Na5 12. Bd3 cxd4 13. cxd4 Be6 14. d5 Bd7 15. Rb1 e6 16. Qd2 exd5 17. exd5 b6 18. Bh6 Rc8 19. Rb4 Qe7 20. Bxg7 Kxg7 21. Ba6 Rc4 22. Ng3 Rc2 23. Qxc2 Qxb4 24. Qd3 Re8 25. Rc1 1/2-1/2

[Event "Najdorf Memorial op-B"]
[Site "Grodzisk Mazowiecki"]
[Date "2007.07.25"]
[Round "6"]
[White "Makosa, Sylwia"]
[Black "Kowalska, Elzbieta"]
[Result "0-1"]
[WhiteElo "1897"]
[BlackElo "1975"]
[PlyCount "44"]
[EventDate "2007.07.20"]
[EventType "swiss"]
[EventRounds "9"]
[EventCountry "POL"]
[SourceTitle "EXT 2008"]
[Source "ChessBase"]
[SourceDate "2007.11.25"]
[SourceVersion "1"]
[SourceVersionDate "2007.11.25"]
[SourceQuality "1"]

1. e4 c5 2. Nf3 Nc6 3. d4 cxd4 4. Nxd4 Nf6 5. Nc3 d6 6. Be2 e5 7. Nb3 Be7 8. 0-0 0-0 9. f4 a5 10. a4 Nb4 11. Nd2 exf4 12. Rxf4 d5 13. Nb3 dxe4 14. Nxe4 Qxd1+ 15. Bxd1 Nbd5 16. Nxf6+ Bxf6 17. Rf1 Bd7 18. Bf3 Bc6 19. Nc5 Bd4+ 20. Kh1 Bxc5 21. Bxd5 Bxd5 22. Rf5 Rad8 0-1

[Event "Najdorf Memorial op-B"]
[Site "Grodzisk Mazowiecki"]
[Date "2007.07.21"]
[Round "2"]
[White "Makosa, Sylwia"]
[Black "Nowicki, Bartosz"]
[Result "1-0"]
[WhiteElo "1897"]
[BlackElo "1611"]
[PlyCount "81"]
[EventDate "2007.07.20"]
[EventType "swiss"]
[EventRounds "9"]
[EventCountry "POL"]
[SourceTitle "EXT 2008"]
[Source "ChessBase"]
[SourceDate "2007.11.25"]
[SourceVersion "1"]
[SourceVersionDate "2007.11.25"]
[SourceQuality "1"]

1. e4 c5 2. Nf3 Nc6 3. d4 cxd4 4. Nxd4 g6 5. Nc3 Bg7 6. Be3 Nf6 7. Qd2 Ng4 8. Nxc6 bxc6 9. Bd4 0-0 10. Be2 Nf6 11. 0-0 d6 12. Rad1 Be6 13. f4 c5 14. Bf2 Qb6 15. b3 Ng4 16. Bxg4 Bxg4 17. Nd5 Qb7 18. Rde1 Rfc8 19. f5 e6 20. Ne3 exf5 21. exf5 Bxf5 22. Nxf5 gxf5 23. Qxd6 Rc6 24. Qd5 Rac8 25. c4 Qc7 26. Bg3 Bd4+ 27. Kh1 Qxg3 28. Re7 Qg6 29. Rxa7 Qe6 30. Qf3 R6c7 31. Rxc7 Rxc7 32. Qg3+ Bg7 33. Qxc7 Qe2 34. Qd8+ Bf8 35. Qg5+ Bg7 36. Qxf5 Qe7 37. a4 Qa7 38. a5 Bf8 39. a6 Bg7 40. Qxf7+ Qxf7 41. Rxf7 1-0

[Event "POL-chT2 U20 Girls"]
[Site "Lublin"]
[Date "2007.07.11"]
[Round "6"]
[White "Makosa, Sylwia"]
[Black "Lasut, Paulina"]
[Result "0-1"]
[WhiteElo "1897"]
[BlackElo "1828"]
[PlyCount "72"]
[EventDate "2007.07.07"]
[EventType "team-tourn"]
[EventRounds "11"]
[EventCountry "POL"]
[SourceTitle "EXT 2010"]
[Source "ChessBase"]
[SourceDate "2010.11.25"]
[SourceVersion "1"]
[SourceVersionDate "2010.11.25"]
[SourceQuality "1"]

1. e4 e5 2. Nf3 Nc6 3. Bb5 a6 4. Ba4 Nf6 5. 0-0 d6 6. c3 g6 7. d4 b5 8. Bc2 Bg4 9. Be3 Bg7 10. h3 Bxf3 11. Qxf3 Nd7 12. Bb3 0-0 13. Bd5 exd4 14. cxd4 Nxd4 15. Qd1 Ne6 16. Bxa8 Bxb2 17. Nd2 Bxa1 18. Qxa1 Qxa8 19. Bh6 Re8 20. f4 Qa7+ 21. Kh1 Qd4 22. Qc1 Nec5 23. f5 Ne5 24. fxg6 hxg6 25. Qe1 Ned3 26. Qh4 Qe5 27. Bg5 Nxe4 28. Nxe4 Qxe4 29. Qh6 Re6 30. Rxf7 Kxf7 31. Qh7+ Ke8 32. Qg8+ Kd7 33. Qd8+ Kc6 34. Qa8+ Kc5 35. Qa7+ Kd5 36. Qxc7 Qe1+ 0-1

[Event "Makowiec Radomski-ch"]
[Site "Makowiec"]
[Date "2007.05.03"]
[Round "9"]
[White "Makosa, Sylwia"]
[Black "Kowalczyk, Sabina"]
[Result "1-0"]
[WhiteElo "1864"]
[BlackElo "1701"]
[PlyCount "145"]
[EventDate "2007.04.29"]
[EventType "swiss"]
[EventRounds "9"]
[EventCountry "POL"]
[SourceTitle "EXT 2023"]
[Source "ChessBase"]
[SourceDate "2022.10.05"]
[SourceVersion "1"]
[SourceVersionDate "2022.10.05"]
[SourceQuality "1"]

1. e4 e6 2. d4 d5 3. e5 c5 4. c3 Ne7 5. a3 Qb6 6. b4 c4 7. a4 a6 8. Be2 Nf5 9. Nh3 Be7 10. 0-0 0-0 11. Na3 Bd7 12. Nc2 f6 13. exf6 Rxf6 14. Ne3 Nc6 15. Nxf5 Rxf5 16. Bg4 Rf7 17. Re1 Rf6 18. Bg5 Rg6 19. Bd2 Bd6 20. Nf4 Bxf4 21. Bxf4 Re8 22. Bh5 Rf8 23. Bd6 Rgf6 24. Bxf8 Rxf8 25. Bg4 Nd8 26. Re3 Nf7 27. Rf3 Re8 28. Qd2 Qd8 29. Bh5 g6 30. Rg3 Qf6 31. Bd1 Nd6 32. Rf3 Qg7 33. Bc2 Nf7 34. Re1 Nh6 35. Qf4 Rf8 36. Qxf8+ Qxf8 37. Rxf8+ Kxf8 38. Re3 Ng4 39. Rf3+ Kg7 40. h3 Nf6 41. Kf1 Ne8 42. Ke2 Nd6 43. g4 Ne8 44. Ke3 Nd6 45. Rg3 Nf7 46. f4 Nd6 47. Rg1 Kf6 48. h4 Be8 49. Kd2 Bf7 50. h5 Be8 51. hxg6 hxg6 52. Ke3 Bd7 53. Kf2 Ne8 54. Kg3 Nd6 55. Re1 Kf7 56. Re5 Kf6 57. Rg5 Be8 58. Kh4 Bf7 59. Re5 Bg8 60. Kg3 Bf7 61. Kf3 Bg8 62. Ke2 Bf7 63. Kd2 Bg8 64. Kc1 Bf7 65. Kb2 Bg8 66. Re1 Bf7 67. Ka3 Be8 68. Re5 Kg7 69. Rxe6 Bxa4 70. Bxa4 Ne4 71. Kb2 b5 72. Bc2 Kf7 73. Rxa6 1-0

[Event "Makowiec Radomski-ch"]
[Site "Makowiec"]
[Date "2007.05.02"]
[Round "6.1"]
[White "Pietocha, Pawel"]
[Black "Makosa, Sylwia"]
[Result "1-0"]
[WhiteElo "2027"]
[BlackElo "1864"]
[PlyCount "91"]
[EventDate "2007.04.29"]
[EventType "swiss"]
[EventRounds "9"]
[EventCountry "POL"]
[SourceTitle "EXT 2023"]
[Source "ChessBase"]
[SourceDate "2022.10.05"]
[SourceVersion "1"]
[SourceVersionDate "2022.10.05"]
[SourceQuality "1"]

1. Nf3 d5 2. g3 Bg4 3. Bg2 Nf6 4. 0-0 Nbd7 5. d3 e5 6. c3 Be7 7. Qc2 0-0 8. e4 c6 9. Re1 Qc7 10. Nbd2 Rfe8 11. Nf1 h6 12. Ne3 Be6 13. Nh4 Ng4 14. Nhf5 Nxe3 15. Nxe7+ Rxe7 16. Bxe3 Nf6 17. Kh1 Ng4 18. Bc5 Ree8 19. h3 b6 20. Ba3 Nf6 21. b3 Rad8 22. Rad1 Nh7 23. Bc1 Qc8 24. Kh2 Ng5 25. f4 exf4 26. gxf4 Nh7 27. f5 Qc7+ 28. Kh1 Bc8 29. Qf2 dxe4 30. dxe4 Qe5 31. Rd4 c5 32. Bf4 Qe7 33. Rxd8 Rxd8 34. Qg3 Kh8 35. Rg1 Bb7 36. e5 Ng5 37. Kh2 Bxg2 38. Rxg2 Rg8 39. Re2 Rd8 40. h4 Nf3+ 41. Qxf3 Qxh4+ 42. Kg2 Rd1 43. Bh2 Qg5+ 44. Bg3 Rd2 45. e6 fxe6 46. fxe6 1-0

[Event "Makowiec Radomski-ch"]
[Site "Makowiec"]
[Date "2007.04.30"]
[Round "3.2"]
[White "Makosa, Sylwia"]
[Black "Barszcz, Michal"]
[Result "1-0"]
[WhiteElo "1864"]
[BlackElo "1675"]
[PlyCount "45"]
[EventDate "2007.04.29"]
[EventType "swiss"]
[EventRounds "9"]
[EventCountry "POL"]
[SourceTitle "EXT 2023"]
[Source "ChessBase"]
[SourceDate "2022.10.05"]
[SourceVersion "1"]
[SourceVersionDate "2022.10.05"]
[SourceQuality "1"]

1. e4 c5 2. Nf3 d6 3. d4 cxd4 4. Nxd4 Nf6 5. Nc3 g6 6. Be3 Bg7 7. f3 0-0 8. Qd2 Nc6 9. 0-0-0 d5 10. exd5 Nxd5 11. Nxc6 bxc6 12. Bd4 Nxc3 13. Qxc3 Bxd4 14. Rxd4 Qb6 15. Bc4 Ba6 16. Bxa6 Qxa6 17. Kb1 Qe2 18. Rd2 Qb5 19. Rhd1 e6 20. h3 Rab8 21. g4 Rb6 22. h4 Rfb8 23. Rd8+ 1-0

[Event "POL-ch U18 Girls"]
[Site "Leba"]
[Date "2007.03.31"]
[Round "10"]
[White "Makosa, Sylwia"]
[Black "Sobierska, Wioletta"]
[Result "0-1"]
[WhiteElo "1864"]
[BlackElo "1971"]
[PlyCount "48"]
[EventDate "2007.03.24"]
[EventType "swiss"]
[EventRounds "11"]
[EventCountry "POL"]
[SourceTitle "EXT 2011"]
[Source "ChessBase"]
[SourceDate "2010.11.26"]
[SourceVersion "1"]
[SourceVersionDate "2010.11.26"]
[SourceQuality "1"]

1. e4 c6 2. d4 d5 3. e5 c5 4. c3 Nc6 5. a3 cxd4 6. cxd4 Qb6 7. Ne2 f6 8. Nbc3 Bf5 9. b4 e6 10. Na4 Qd8 11. exf6 Nxf6 12. Ng3 Ne4 13. Nxf5 exf5 14. Be2 Bd6 15. Nc5 Qh4 16. g3 Qe7 17. 0-0 0-0 18. Qb3 Nf6 19. Bf3 Nxd4 20. Bxd5+ Kh8 21. Qd3 Bxc5 22. bxc5 Ne2+ 23. Kg2 Nxc1 24. Raxc1 Rad8 0-1

[Event "POL-ch U18 Girls"]
[Site "Leba"]
[Date "2007.03.24"]
[Round "1"]
[White "Giemza, Joanna"]
[Black "Makosa, Sylwia"]
[Result "1-0"]
[WhiteElo "2007"]
[BlackElo "1864"]
[PlyCount "57"]
[EventDate "2007.03.24"]
[EventType "swiss"]
[EventRounds "11"]
[EventCountry "POL"]
[SourceTitle "EXT 2011"]
[Source "ChessBase"]
[SourceDate "2010.11.26"]
[SourceVersion "1"]
[SourceVersionDate "2010.11.26"]
[SourceQuality "1"]

1. e4 c5 2. Nf3 Nc6 3. Bb5 g6 4. Bxc6 dxc6 5. 0-0 Bg7 6. d3 e5 7. Nbd2 Nh6 8. Nc4 f6 9. a4 Be6 10. b3 0-0 11. a5 Qe7 12. h3 Nf7 13. Ba3 Bxc4 14. bxc4 Nd8 15. Rb1 Ne6 16. Qe1 Rfd8 17. Qe3 Bf8 18. Rb3 Qd7 19. Rfb1 Rab8 20. Bb2 Qc7 21. Nh2 Qxa5 22. Ra1 Qc7 23. Rxa7 Rd7 24. Ng4 Qd8 25. Bc3 Nd4 26. Rb2 Be7 27. Ba5 Qe8 28. Bb6 Qf8 29. Ra4 1-0

[Event "Warsaw AIG Life rapid 6th"]
[Site "Warsaw"]
[Date "2006.12.16"]
[Round "1"]
[White "Bartel, Mateusz"]
[Black "Makosa, Sylwia"]
[Result "1-0"]
[WhiteElo "2569"]
[BlackElo "1916"]
[PlyCount "57"]
[EventDate "2006.12.16"]
[EventType "swiss (rapid)"]
[EventRounds "13"]
[EventCountry "POL"]
[SourceTitle "CBM 115 Extra"]
[Source "ChessBase"]
[SourceDate "2007.01.10"]
[SourceVersion "1"]
[SourceVersionDate "2007.01.10"]
[SourceQuality "1"]

1. d4 Nf6 2. c4 g6 3. Nc3 d5 4. Nf3 Bg7 5. Qb3 c6 6. cxd5 cxd5 7. Bg5 e6 8. Qa3 Nc6 9. e3 Bd7 10. Nb5 Qb6 11. Nd6+ Kf8 12. Ne5 Qb4+ 13. Qxb4 Nxb4 14. Bxf6 Bxf6 15. Nxd7+ Ke7 16. Nxf6 Nc2+ 17. Kd2 Nxa1 18. Nxd5+ exd5 19. Nb5 Rac8 20. Bd3 Nb3+ 21. axb3 a6 22. Nc3 Kd6 23. Be2 Rc7 24. Bf3 Rhc8 25. Ra1 Rc6 26. Ra5 b5 27. Bxd5 Rxc3 28. bxc3 Kxd5 29. Rxa6 1-0

[Event "Polanica Zdroj op-B 42nd"]
[Site "Polanica Zdroj"]
[Date "2006.08.21"]
[Round "2"]
[White "Drazek, Wladyslaw"]
[Black "Makosa, Sylwia"]
[Result "1-0"]
[WhiteElo "2053"]
[BlackElo "1930"]
[PlyCount "49"]
[EventDate "2006.08.20"]
[EventType "swiss"]
[EventRounds "7"]
[EventCountry "POL"]
[SourceTitle "CBM 113 Extra"]
[Source "ChessBase"]
[SourceDate "2006.09.14"]
[SourceVersion "1"]
[SourceVersionDate "2006.09.14"]
[SourceQuality "1"]

1. d4 Nf6 2. Nf3 g6 3. Nc3 d5 4. Bf4 Bg7 5. Qd2 Bf5 6. e3 0-0 7. Bd3 Bxd3 8. Qxd3 c6 9. h4 Qb6 10. Ne5 Nh5 11. Bh2 f6 12. Nf3 Bh8 13. g4 Ng7 14. h5 g5 15. 0-0-0 Na6 16. e4 Nb4 17. Qe3 Rfe8 18. h6 Ne6 19. exd5 Nc7 20. Nxg5 fxg5 21. Qxg5+ Kf7 22. Be5 Bxe5 23. Qh5+ Kf8 24. Qxe5 Red8 25. Rhe1 1-0

[Event "POL-ch U16 Girls"]
[Site "Leba"]
[Date "2006.04.02"]
[Round "11"]
[White "Makosa, Sylwia"]
[Black "Sobierska, Wioletta"]
[Result "0-1"]
[WhiteElo "1800"]
[BlackElo "1984"]
[PlyCount "100"]
[EventDate "2006.03.25"]
[EventType "swiss"]
[EventRounds "11"]
[EventCountry "POL"]
[SourceTitle "CBM 111 Extra"]
[Source "ChessBase"]
[SourceDate "2006.05.09"]
[SourceVersion "1"]
[SourceVersionDate "2006.05.09"]
[SourceQuality "1"]

1. e4 c6 2. d4 d5 3. e5 c5 4. c3 Nc6 5. Nf3 Bg4 6. Be2 e6 7. 0-0 Bxf3 8. Bxf3 cxd4 9. cxd4 Qb6 10. Nc3 Qxd4 11. Qc2 Qxe5 12. g3 0-0-0 13. Bf4 Qf6 14. Nb5 e5 15. Nxa7+ Kc7 16. Bd2 Kb8 17. Nxc6+ Qxc6 18. Qd1 Nf6 19. Rc1 Qb6 20. b4 e4 21. Bg2 d4 22. a4 Bd6 23. Re1 Rhe8 24. a5 Qb5 25. Bf1 Qf5 26. Bg2 Ng4 27. f3 Nf2 28. fxe4 Nxe4 29. Rf1 Qg6 30. Qf3 Re7 31. Bf4 Bxf4 32. Qxf4+ Qd6 33. Bxe4 Qxf4 34. Rxf4 g5 35. Rf6 Rxe4 36. Rxf7 d3 37. Rcc7 Rxb4 38. Rcd7 Rxd7 39. Rxd7 Ra4 40. Rxd3 Rxa5 41. Rd7 h5 42. Rh7 g4 43. h3 Re5 44. hxg4 hxg4 45. Rf7 Re4 46. Kf2 b5 47. Rf5 b4 48. Rb5+ Kc7 49. Kf1 Kc6 50. Rb8 Kc5 0-1